000 00363nam a22001577a 4500
005 20260311170405.0
008 260311b |||||||| |||| 00| 0 eng d
041 _aeng
082 _a622.34 SONI-O
100 _aSONI, H P.
245 _aOVERMAN DIGDARSHIKA [VOL-2]
260 _aDHANBAD
_bLOVELY PRAKASHAN
300 _a165;P
650 _aMINING
942 _cBK
999 _c9090
_d9088